[Event "Oberfranken-ch"]
[Site "Schney"]
[Date "2020.01.04"]
[Round "4"]
[White "Baser, Stefan"]
[Black "Stephan, Thanh Hai"]
[Result "1/2-1/2"]
[WhiteElo "977"]
[BlackElo "1173"]
[PlyCount "29"]
[EventDate "2020.01.03"]
[EventType "swiss"]
[EventRounds "7"]
[EventCountry "GER"]
[SourceTitle "CBM 194 Extra"]
[Source "ChessBase"]
[SourceDate "2020.03.31"]
[SourceVersion "1"]
[SourceVersionDate "2020.03.31"]
[SourceQuality "1"]

1. e4 e5 2. Nf3 Nc6 3. Nc3 Nf6 4. d4 d6 5. Bb5 Bd7 6. 0-0 Be7 7. Re1 0-0 8. Bg5 Ng4 9. Bxe7 Nxe7 10. Bxd7 Qxd7 11. d5 f5 12. Qd2 Rf6 13. Re2 Raf8 14. Ng5 Rh6 15. h3 1/2-1/2